000 00286nam a2200133Ia 4500
008 221030s9999 xx 000 0 und d
041 _aEnglish
082 _a105.23
100 _aP. L. Soni
245 0 _aOrganic Chemistry
_cby P. L. Soni
260 _c0
650 _aB
942 _cBK
999 _c12405
_d12405